000 00709nam a2200265 i 4500
001 bg
100 1 _aKARCZMAREWICZ, Antonina Maria
245 1 0 _aMicrosoft Word 97 :
_b[wersja polska] /
_cA. M. Karczmarewicz, B. Skłodowski.
260 _aWarszawa :
_b"Lynx-SFT",
_c1998.
300 _a459 s. :
_brys. ;
_c24 cm.
490 1 _aPracujemy w...
500 _aPełne nazwy aut. w cop.
504 _aIndeks.
650 9 _aWord
655 _aPodręczniki
700 1 _aSKŁODOWSKI, Bohdan
830 _aPracujemy w...
020 _a8385455868
040 _cBPK
041 0 _apl
080 _a004.42Word(07)
920 _a83-85455-86-8
942 _cKS
008 s pl f |000 0 pol
999 _c33534
_d33534
856 _uhttp://koha.tu.koszalin.pl/cgi-bin/koha/opac-detail.pl?biblionumber=33534
_yKatalog online BPK